[Event "Match"]
[Site "www.echecsemail.com"]
[Date "2017.11.18"]
[Round "1"]
[White "Witpar"]
[Black "Tonino1"]
[WhiteElo "2710"]
[BlackElo "2170"]
[Result "1-0"]
[Round "1"]
1.d4 Ng8f6
2.c4 g6
3.Nb1c3 Bf8g7
4.e4 d6
5.f3 O-O
6.Bc1e3 e5
7.Ng1e2 c6
8.Qd1d2 Rf8e8
9.O-O-O Qd8c7
10.g4 h5
11.gxh5 Nf6xh5
12.Ne2g3 Nh5f4
13.h4 Bg7h6
14.Ng3e2 Nf4xe2
15.Bf1xe2 Bh6xe3
16.Qd2xe3 Nb8d7
17.h5 Nd7f8
18.Rd1g1 a6
19.dxe5 dxe5
20.Qe3h6  { time }
1-0

[Event "Match"]
[Site "www.echecsemail.com"]
[Date "2017.11.18"]
[Round "1"]
[White "Mitja"]
[Black "Bojan"]
[WhiteElo "1990"]
[BlackElo "2050"]
[Result "1-0"]
[Round "1"]
1.d4 d5
2.e3 c6
3.c3 Ng8f6
4.h3 Bc8f5
5.Bf1d3 Qd8d7
6.Bd3xf5 Qd7xf5
7.Ng1f3 Nb8d7
8.b3 e5
9.dxe5 Nd7xe5
10.Nf3xe5 Bf8d6
11.Ne5f3 Qf5g6
12.O-O Nf6e4
13.Bc1b2 O-O
14.Nb1d2 Ne4xd2
15.Qd1xd2 f6
16.Rf1e1 b6
17.Nf3d4 Ra8c8
18.Nd4e6 Rf8e8
19.Ne6f4 Qg6e4
20.Nf4e2 Qe4e5
21.Ne2g3 Qe5g5
22.Kh2 h5
23.Kg1 Bd6xg3
24.fxg3 Qg5xg3
25.Qd2e2 g6
26.Qe2f2 Qg3d6
27.Ra1d1 f5
28.c4 Qd6c5
29.cxd5 cxd5
30.Qf2g3 Kh7
31.Qg3g5 Rc8c6
32.Rd1c1 Qc5d6
33.Rc1xc6 Qd6xc6
34.Re1c1 Qc6d7
35.Bb2d4 Qd7d6
36.b4 a6
37.a4 b5
38.axb5 axb5
39.Rc1a1 Re8e7
40.Bd4c5 { resign }
1-0

[Event "Match"]
[Site "www.echecsemail.com"]
[Date "2017.11.18"]
[Round "1"]
[White "Bjonil60"]
[Black "Sonny1000"]
[WhiteElo "1500"]
[BlackElo "1540"]
[Result "0-1"]
[Round "1"]
1.d4 d5
2.Ng1f3 f6
3.e3 Ng8h6
4.Qd1e2 Bc8g4
5.h3 Bg4f5
6.g4 Bf5e4
7.Bf1g2 Be4xf3
8.Bg2xf3 f5
9.O-O Nb8a6
10.b3 Na6b4
11.a3 Nb4c6
12.a4 Nc6a5
13.Nb1c3 g6
14.Bc1a3 c6
15.g5 Nh6f7
16.h4 h5
17.b4 Na5c4
18.Kg2 e6
19.b5 Nc4xa3
20.Nc3b1 Na3xb1
21.Ra1xb1 Nf7d6
22.bxc6 bxc6
23.Rf1d1 Qd8a5
24.Rb1a1 a6
25.c3 Nd6c4
26.Kf1 Qa5xc3
27.Ra1c1 Qc3b4
28.Rc1b1 Nc4d2
29.Rd1xd2 Qb4xb1
30.Rd2d1 Qb1b4
31.Rd1a1 a5
32.Bf3g2 Bf8d6
33.f4 Ra8b8
34.Kg1 Rb8b7
35.Qe2d1 Qb4c3
36.Ra1c1 Qc3a3
37.Bg2f1 Qa3xe3
38.Kh1 Qe3e4
39.Bf1g2 Qe4xf4
40.Rc1xc6 Qf4xh4
41.Kg1 Bd6h2
42.Kf1 Qh4f4
43.Ke1 Qf4h4
44.Kf1 Kd7
45.Qd1c2 Qh4f4
46.Ke2 Qf4g4
47.Bg2f3 Qg4xd4
48.Kf1 Bh2c7
49.Bf3e2 Qd4h4
50.Be2a6 Rb7b1
51.Ke2 Qh4h2
52.Kd3 Qh2h3
53.Kd4 Qh3h4
54.Kc5 Rh8b8
55.Qc2e2 Rb1c1
56.Qe2c4 Qh4f2

0-1

[Event "Match"]
[Site "www.echecsemail.com"]
[Date "2017.11.18"]
[Round "1"]
[White "Llord"]
[Black "Mystakerchon"]
[WhiteElo "1940"]
[BlackElo "1090"]
[Result "1-0"]
[Round "1"]
1.e4 c5
2.Bf1c4 d6
3.Ng1f3 Ng8f6
4.d3 e5
5.Bc1g5 Bf8e7
6.O-O Nf6d7
7.Bg5xe7 Qd8xe7
8.Nb1c3 O-O
9.Nc3d5 Qe7d8
10.b4 Nb8c6
11.b5 Nc6e7
12.Nd5xe7 Qd8xe7
13.a4 b6
14.c3 Rf8e8
15.d4 Bc8b7
16.d5 Nd7f6
17.Rf1e1 a6
18.h3 axb5
19.Bc4xb5 Re8c8
20.Nf3d2 Bb7a6
21.Nd2c4 Ra8b8
22.Bb5xa6 Rc8d8
23.a5 bxa5
24.Nc4xa5 Rb8b6
25.Na5c6 Rb6xc6
26.dxc6 Nf6e8
27.Ba6b7 Ne8c7
28.Qd1g4 g6
29.h4 h5
30.Qg4h3 Kg7
31.Ra1a7 Rd8b8
32.Re1e3 c4
33.Bb7a6 Rb8b6
34.Ba6b7 Rb6b1
35.Kh2 Nc7b5
36.Ra7a5 Rb1b2
37.Re3f3 Qe7c7
38.Qh3d7 { resign }
1-0

[Event "1/64 Finale"]
[Site "www.chess-mail.com"]
[Date "2017.11.18"]
[Round "1"]
[White "Ssharp"]
[Black "Hennie4820"]
[WhiteElo "2200"]
[BlackElo "2110"]
[Result "1-0"]
[Round "1"]
1.e4 c5
2.c3 Nb8c6
3.Ng1f3 e6
4.Bf1b5 Ng8e7
5.O-O a6
6.Bb5e2 g6
7.d3 Bf8g7
8.Bc1f4 d6
9.Nb1d2 O-O
10.h3 b5
11.Qd1c2 Bc8b7
12.a3 Ra8c8
13.Ra1d1 b4
14.axb4 cxb4
15.c4 a5
16.Qc2b1 Nc6d4
17.Nf3xd4 Bg7xd4
18.Nd2b3 Bd4g7
19.Bf4g5 f6
20.Bg5e3 d5
21.cxd5 exd5
22.Nb3d2 d4
23.Be3f4 f5
24.e5 Ne7d5
25.Bf4h2 Qd8e7
26.Be2f3 Bg7xe5
27.Bh2xe5 Qe7xe5
28.Nd2c4 Qe5c7
29.Qb1a2 Kg7
30.Qa2xa5 Qc7d7
31.Bf3xd5 Bb7xd5
32.Qa5xb4 Qd7e6
33.b3 Rc8b8
34.Qb4a3 f4
35.Rf1e1 Qe6f7
36.Re1e7 { resign }
1-0

[Event "1/128 Finale"]
[Site "www.chess-mail.com"]
[Date "2017.11.18"]
[Round "1"]
[White "Bojan"]
[Black "Panham"]
[WhiteElo "1980"]
[BlackElo "2240"]
[Result "0-1"]
[Round "1"]
1.e4 e5
2.Ng1f3 Nb8c6
3.c3 Ng8f6
4.d3 d5
5.exd5 Nf6xd5
6.Nb1d2 Bf8e7
7.Nd2c4 Be7f6
8.h3 O-O
9.Bf1e2 Rf8e8
10.Nc4e3 Nd5f4
11.Be2f1 e4
12.g3 Nf4xd3
13.Bf1xd3 exd3
14.Kf1 b6
15.Ne3g4 Bc8a6
16.Kg2 Ba6b7
17.Rh1e1 Re8xe1
18.Nf3xe1 Nc6e5
19.Kh2 Ne5xg4
20.hxg4 Qd8d5
21.f3 Ra8d8
22.Bc1d2 h5
23.gxh5 Qd5xh5
24.Kg2 c5
25.a4 g5
26.a5 g4
27.Ra1a4 b5
28.Ra4xg4 Qh5xg4
29.Kf2 Qg4h5
30.Ne1g2 Rd8e8
31.Ng2f4 Qh5h2
32.Nf4g2 Re8e2
{ resign }
0-1

[Event "Tourn. n9603"]
[Site "www.chess-mail.com"]
[Date "2017.11.19"]
[Round "1"]
[White "Begory"]
[Black "Tobernor"]
[WhiteElo "1530"]
[BlackElo "1599"]
[Result "0-1"]
[Round "1"]
1.d4 d5
2.Bc1f4 Ng8f6
3.Nb1c3 e6
4.Ng1f3 c5
5.e3 a6
6.Bf1d3 Nb8c6
7.O-O c4
8.Bd3e2 b5
9.Nf3e5 Bc8b7
10.Ne5xc6 Bb7xc6
11.a4 b4
12.Nc3a2 a5
13.c3 b3
14.Na2c1 Qd8d7
15.Be2f3 Bc6xa4
16.Rf1e1 Ba4c6
17.Bf4e5 a4
18.h3 a3
19.Ra1xa3 Bf8xa3
20.Be5xf6 gxf6
21.bxa3 Ra8xa3
22.Re1e2 O-O
23.e4 dxe4
24.Bf3xe4 Bc6xe4
25.Re2xe4 Qd7d5
26.Re4g4 Kh8
27.Qd1d3 cxd3
28.Nc1xd3 Rf8g8
{ resign }
0-1

[Event "Tourn. n9496"]
[Site "www.chess-mail.com"]
[Date "2017.11.19"]
[Round "1"]
[White "Seger"]
[Black "Darko10"]
[WhiteElo "2690"]
[BlackElo "2810"]
[Result "1/2-1/2"]
[Round "1"]
1.Ng1f3 g6
2.e4 c5
3.c3 d5
4.exd5 Qd8xd5
5.d4 Bf8g7
6.Nb1d2 cxd4
7.Bf1c4 Qd5d8
8.Nf3xd4 Ng8f6
9.O-O O-O
10.Qd1e2 Nb8c6
11.Nd4xc6 bxc6
12.Nd2f3 Nf6d5
13.Bc1g5 f6
14.Bg5h4 Qd8c7
15.Rf1d1 Kh8
16.Nf3d4 e5
17.Bh4g3 Bc8d7
18.Nd4b3 Bd7e6
19.f3 Rf8d8
20.Bg3f2 Nd5f4
21.Qe2f1 Be6d5
22.Bf2e3 a5
23.Be3xf4 exf4
24.Bc4xd5 cxd5
25.Nb3d4 a4
26.Ra1c1 Ra8b8
27.b4 axb3
28.axb3 f5
29.h3 Bg7xd4
30.cxd4 Qc7d6
31.Rc1c3 Kg7
32.Qf1e1 Rd8e8
33.Qe1d2 Re8e7
34.Rd1c1 Rb8b6
35.Kh2 Re7b7
36.Rc3c8 Kh6
37.b4 Kg5
38.Rc8e8 Rb6xb4
39.Re8e5 Qd6f6
40.Kg1 Kh5
41.Qd2xf4 Qf6g5
42.Qf4xg5 Kxg5
{ draw }
1/2-1/2

[Event "Tourn. n9564"]
[Site "www.chess-mail.com"]
[Date "2017.11.19"]
[Round "1"]
[White "Tonino1"]
[Black "Abuelo"]
[WhiteElo "2210"]
[BlackElo "2170"]
[Result "1-0"]
[Round "1"]
1.d4 d5
2.f4 Bc8f5
3.e3 Ng8f6
4.Bf1d3 Bf5xd3
5.Qd1xd3 e6
6.Ng1f3 c6
7.O-O Bf8d6
8.Nb1d2 h6
9.Nf3e5 O-O
10.c3 Nb8d7
11.Ne5xd7 Qd8xd7
12.e4 dxe4
13.Nd2xe4 Nf6xe4
14.Qd3xe4 f5
15.Qe4e3 Qd7e7
16.Bc1d2 c5
17.Ra1e1 Rf8f6
18.Kh1 cxd4
19.Qe3xd4 Bd6c5
20.Qd4c4 Ra8d8
21.Bd2c1 b6
22.Re1e5 Kf7
{ time. }
1-0

[Event "Tourn. n9593"]
[Site "www.chess-mail.com"]
[Date "2017.11.19"]
[Round "1"]
[White "Libiesse"]
[Black "Osopanda"]
[WhiteElo "1830"]
[BlackElo "1650"]
[Result "1/2-1/2"]
[Round "1"]
1.d4 d5
2.c4 c6
3.cxd5 cxd5
4.Nb1c3 Nb8c6
5.Ng1f3 Bc8g4
6.Bc1f4 e6
7.a3 Ng8f6
8.e3 Nf6e4
9.Bf1e2 Bf8d6
10.Nc3xe4 dxe4
11.Bf4xd6 exf3
12.Be2xf3 Bg4xf3
13.Qd1xf3 Qd8xd6
14.O-O { draw }
1/2-1/2

[Event "Tourn. n9622"]
[Site "www.chess-mail.com"]
[Date "2017.11.19"]
[Round "1"]
[White "Sahlapalat"]
[Black "Begory"]
[WhiteElo "1499"]
[BlackElo "1500"]
[Result "1-0"]
[Round "1"]
1.d4 d5
2.c4 Ng8f6
3.cxd5 Qd8xd5
4.Nb1c3 Qd5d8
5.Ng1f3 Bc8f5
6.Qd1b3 Bf5c8
7.e4 Qd8d6
8.e5 Qd6c6
9.exf6 exf6
10.Bf1b5 { resign }
1-0

[Event "Tourn. n9598"]
[Site "www.chess-mail.com"]
[Date "2017.11.19"]
[Round "1"]
[White "Jackbauer"]
[Black "Bojan"]
[WhiteElo "1930"]
[BlackElo "1990"]
[Result "0-1"]
[Round "1"]
1.e4 e5
2.f4 exf4
3.Ng1f3 Bf8d6
4.d4 g5
5.h3 h5
6.e5 Bd6f8
7.a3 Bf8g7
8.Bf1c4 Qd8e7
9.Nb1d2 d6
10.Qd1e2 dxe5
11.dxe5 Nb8c6
12.Bc4b5 Bc8d7
13.Bb5xc6 Bd7xc6
14.Nd2c4 Bc6d5
15.b3 b5
16.Nc4d2 a6
17.Bc1b2 Ng8h6
18.c4 Bd5c6
19.O-O g4
20.Nf3d4 gxh3
21.Nd4xc6 Qe7c5
22.Kh1 Qc5xc6
23.Rf1f2 Nh6f5
24.Nd2e4 O-O-O
25.Ra1c1 Rh8g8
26.Kh2 Nf5g3
27.Qe2g4 hxg4
28.Rf2xf4 Ng3e2
29.Rf4xg4 Bg7xe5
30.Kh1 hxg2
{ resign }
0-1

[Event "Tourn. n9588"]
[Site "www.chess-mail.com"]
[Date "2017.11.19"]
[Round "1"]
[White "Julian"]
[Black "Cal"]
[WhiteElo "1560"]
[BlackElo "1670"]
[Result "1-0"]
[Round "1"]
1.Ng1f3 d5
2.d4 h6
3.e3 a6
4.Bf1d3 Ng8f6
5.Nb1d2 Nb8c6
6.O-O b5
7.c3 e6
8.Rf1e1 Bf8d6
9.e4 dxe4
10.Nd2xe4 O-O
11.Ne4xd6 cxd6
12.Bc1f4 Nf6d5
13.Bf4g3 f6
14.Bd3c2 Nd5e7
15.Qd1d3 Ne7d5
16.Qd3h7 Kf7
17.Bc2g6 Ke7
18.Qh7xg7 Rf8f7
19.Qg7xf7 { resign }
1-0

[Event "Tourn. n9539"]
[Site "www.chess-mail.com"]
[Date "2017.11.19"]
[Round "1"]
[White "Dussek"]
[Black "Silikon"]
[WhiteElo "1770"]
[BlackElo "1870"]
[Result "1-0"]
[Round "1"]
1.d4 d5
2.Ng1f3 Ng8f6
3.g3 Nb8c6
4.Bf1g2 Bc8f5
5.O-O Nc6b4
6.Nb1a3 Qd8d7
7.Bc1d2 Nb4c6
8.c3 Bf5h3
9.Rf1e1 Bh3xg2
10.Kxg2 h6
11.Na3c2 g5
12.a3 g4
13.Nf3e5 Qd7f5
14.Nc2e3 Qf5h5
15.Ne5xc6 Qh5h3
16.Kg1 bxc6
17.Ne3g2 h5
18.Ng2f4 Qh3xh2
19.Kxh2 h4
20.Kg2 e6
21.Qd1a4 Ra8b8
22.Qa4xc6 Kd8
23.c4 hxg3
24.fxg3 Rb8xb2
25.Qc6a8 Kd7
26.cxd5 Rb2xd2
27.Qa8c6 Kc8
28.Ra1b1 exd5
29.Nf4xd5 Rd2c2
30.Qc6xf6 Rh8h6
31.Qf6xf7 Bf8d6
32.Qf7e8 
1-0

[Event "Match"]
[Site "www.echecsemail.com"]
[Date "2017.11.19"]
[Round "1"]
[White "Calponas"]
[Black "Juodivarnai"]
[WhiteElo "2080"]
[BlackElo "2010"]
[Result "1/2-1/2"]
[Round "1"]
1.e4 c5
2.Ng1f3 d6
3.d4 cxd4
4.Nf3xd4 Ng8f6
5.Nb1c3 a6
6.Bf1e2 e5
7.Nd4b3 Bc8e6
8.Bc1e3 Bf8e7
9.a4 Nb8d7
10.a5 O-O
11.Qd1d2 Ra8c8
12.O-O Nd7c5
13.Nb3xc5 dxc5
14.Rf1d1 Qd8xd2
15.Rd1xd2 Rc8d8
16.Ra1d1 Rd8xd2
17.Rd1xd2 Rf8d8
18.f3 Rd8xd2
19.Be3xd2 h6
20.Nc3a4 Be6d7
21.Na4b6 Bd7c6
22.c4 Nf6d7
23.Nb6xd7 Bc6xd7
24.b3 Bd7c6
25.Bd2c3 f6
26.Kf2 Kf7
27.Ke3 Ke6
28.h3 { draw }
1/2-1/2

[Event "Match"]
[Site "www.echecsemail.com"]
[Date "2017.11.19"]
[Round "1"]
[White "Guidom"]
[Black "Gidi5"]
[WhiteElo "2140"]
[BlackElo "2310"]
[Result "1/2-1/2"]
[Round "1"]
1.e4 e5
2.Ng1f3 Nb8c6
3.Bf1b5 a6
4.Bb5xc6 dxc6
5.O-O Bc8g4
6.h3 Bg4xf3
7.Qd1xf3 Ng8f6
8.d3 Bf8e7
9.Bc1e3 O-O
10.Nb1d2 Nf6d7
11.Qf3e2 Be7c5
12.Be3xc5 Nd7xc5
13.Qe2e3 Nc5e6
14.Nd2f3 Qd8f6
15.Nf3h2 Ne6d4
16.Ra1c1 Qf6f4
17.Rf1e1 Qf4xe3
18.fxe3 Nd4e6
19.Nh2f3 f6
20.Re1e2 Rf8d8
21.Rc1f1 c5
22.Re2f2 Rd8d7
23.Nf3d2 b5
24.b3 Ra8d8
25.g3 Ne6g5
26.Kg2 Ng5f7
27.h4 Nf7d6
28.Rf1b1 Rd7f7
29.a4 b4
30.Rb1f1 Rd8f8
31.g4 g6
32.Kg3 f5
33.gxf5 gxf5
34.Kh3 fxe4
35.Rf2xf7 Rf8xf7
36.Rf1xf7 Kxf7
37.Nd2xe4 Nd6xe4
38.dxe4 h5
39.Kg3 Ke6
40.Kf2 Kd6
41.Ke2 c4
42.Kd2 Kc5
43.Kc1 Kb6
44.Kb2 c6
{ draw }
1/2-1/2

[Event "Match"]
[Site "www.echecsemail.com"]
[Date "2017.11.19"]
[Round "1"]
[White "Micheles"]
[Black "Redemption"]
[WhiteElo "2520"]
[BlackElo "1369"]
[Result "1-0"]
[Round "1"]
1.d4 b6
2.e4 Bc8b7
3.Bf1d3 d6
4.Ng1f3 g6
5.O-O Nb8d7
6.Bc1g5 f6
7.Bg5d2 c6
8.Nb1c3 Qd8c7
9.d5 e5
10.dxe6 Nd7c5
11.Bd3c4 Bb7c8
12.Nf3d4 Bf8g7
13.Bd2f4 h5
14.Nd4xc6 Qc7xc6
15.Bc4b5  { time }
1-0

[Event "Match"]
[Site "www.echecsemail.com"]
[Date "2017.11.19"]
[Round "1"]
[White "Gidi5"]
[Black "Fedallah"]
[WhiteElo "2300"]
[BlackElo "2220"]
[Result "0-1"]
[Round "1"]
1.e4 e5
2.Ng1f3 Nb8c6
3.Bf1c4 Ng8f6
4.Nf3g5 d5
5.exd5 Nc6d4
6.c3 b5
7.Bc4f1 Nf6xd5
8.Ng5xf7 Kxf7
9.cxd4 exd4
10.Bf1xb5 Qd8e7
11.Qd1e2 Nd5f4
12.Qe2xe7 Bf8xe7
13.O-O Bc8b7
14.Bb5c4 Kg6
15.f3 Bb7d5
16.Bc4xd5 Nf4xd5
17.a3 c5
18.d3 Be7d6
19.Rf1e1 Ra8e8
20.Re1e4 Nd5f6
21.Re4xe8 Rh8xe8
22.Bc1d2 Re8b8
23.Bd2c1 Nf6d5
24.Nb1d2 Bd6f4
25.Nd2c4 Rb8b3
26.Kf2 Rb3xd3
27.Bc1xf4 Nd5xf4
28.Nc4e5 Kf5
29.Ne5xd3 Nf4xd3
30.Kg3 Nd3xb2
31.Ra1b1 Nb2d3
32.Rb1d1 c4
33.f4 c3
{ resign }
0-1

[Event "Fast Game"]
[Site "www.echecsemail.com"]
[Date "2017.11.19"]
[Round "1"]
[White "Pellix84"]
[Black "Attatroll"]
[WhiteElo "1680"]
[BlackElo "1760"]
[Result "0-1"]
[Round "1"]
1.d4 e5
2.dxe5 Nb8c6
3.Ng1f3 Qd8e7
4.e3 Nc6xe5
5.b3 d5
6.Bc1a3 Ne5xf3
7.Qd1xf3 Qe7e4
8.Ba3xf8 Qe4xf3
9.gxf3 Kxf8
10.c4 dxc4
11.Bf1xc4 Bc8d7
12.Nb1c3 Bd7c6
13.Nc3d5 Ra8d8
14.e4 Ng8e7
15.Nd5xc7 Ne7g6
16.Rh1g1 Ng6e5
17.Ke2 f5
18.Nc7e6 Ke7
19.Ne6xd8 Rh8xd8
20.Rg1xg7 Kf6
21.Rg7xh7 fxe4
22.fxe4 Bc6xe4
23.Rh7h4 Be4f3
24.Ke3 Ne5xc4
25.bxc4 Bf3c6
26.Rh4f4 Ke6
27.h4 Rd8h8
28.Ra1g1 Rh8e8
29.Rf4g4 Kf5
30.Kd2 Re8d8
31.Ke1 Rd8e8
32.Kf1 Bc6f3
33.Rg4g5 Kf4
34.Rg1g3 Re8d8
35.Rg3xf3 Kxf3
 { time }
0-1

[Event "Fast Game"]
[Site "www.echecsemail.com"]
[Date "2017.11.19"]
[Round "1"]
[White "Stevep84"]
[Black "Apdash"]
[WhiteElo "1980"]
[BlackElo "2040"]
[Result "0-1"]
[Round "1"]
1.e4 c5
2.Ng1f3 d6
3.d4 cxd4
4.Nf3xd4 Ng8f6
5.Nb1c3 Nb8c6
6.Bc1g5 e5
7.Nd4b5 a6
8.Nb5a3 Bf8e7
9.Nc3d5 Nf6xd5
{ resign }
0-1

[Event "Tourn. n9625"]
[Site "www.chess-mail.com"]
[Date "2017.11.20"]
[Round "1"]
[White "Apdash"]
[Black "Bojan"]
[WhiteElo "2260"]
[BlackElo "2000"]
[Result "1-0"]
[Round "1"]
1.d4 d5
2.Ng1f3 Nb8c6
3.e3 g6
4.c4 Ng8f6
5.Nb1c3 dxc4
6.Bf1xc4 Bc8d7
7.a3 h6
8.e4 a6
9.O-O Bd7g4
10.e5 Nf6h5
11.b4 Nc6xd4
12.Qd1xd4 Bg4xf3
13.Qd4xd8 Ra8xd8
14.gxf3 Bf8g7
15.f4 Rd8d4
16.Bc4d5 Rd4d3
17.Bc1b2 Nh5xf4
18.Bd5xb7 Nf4e6
19.Ra1d1 Ne6f4
20.Bb7xa6 Rd3d8
21.Ba6b5 { resign }
1-0

[Event "Tourn. n9582"]
[Site "www.chess-mail.com"]
[Date "2017.11.20"]
[Round "1"]
[White "Vaido12"]
[Black "Comrade"]
[WhiteElo "2500"]
[BlackElo "2290"]
[Result "1-0"]
[Round "1"]
1.Ng1f3 d5
2.d4 c5
3.dxc5 Nb8c6
4.e4 e6
5.exd5 exd5
6.Bc1e3 Ng8f6
7.Bf1b5 Qd8a5
8.Nb1c3 Nf6e4
9.Qd1xd5 Ne4xc3
10.Qd5xc6 Kd8
11.Qc6e8 { resign }
1-0

[Event "Tourn. n9584"]
[Site "www.chess-mail.com"]
[Date "2017.11.20"]
[Round "1"]
[White "Jazzy"]
[Black "Szustan"]
[WhiteElo "2240"]
[BlackElo "2490"]
[Result "1/2-1/2"]
[Round "1"]
1.Ng1f3 Nb8c6
2.d4 d5
3.e3 Bc8g4
4.Bf1e2 e6
5.O-O Ng8f6
6.b3 Nf6e4
7.Nf3e5 Bg4xe2
8.Qd1xe2 Nc6xe5
9.dxe5 Bf8e7
10.Bc1b2 O-O
11.Nb1d2 Ne4xd2
12.Qe2xd2 c5
13.Ra1d1 b5
14.c4 dxc4
15.bxc4 a6
16.Qd2xd8 Rf8xd8
17.f4 bxc4
18.Rd1c1 Rd8d3
19.Rc1xc4 Rd3xe3
20.Rf1d1 Re3e2
21.Bb2a3 Re2xa2
22.Ba3xc5 Be7xc5
23.Rc4xc5 g6
24.Rd1c1 a5
25.Rc5c8 Ra8xc8
26.Rc1xc8 Kg7
27.Rc8a8 h5
28.h4 Ra2a4
29.g3 Ra4a2
30.Ra8a7 a4
31.Kf1 Ra2a1
32.Kg2 a3
33.Kf3 a2
34.Kg2 Kf8
35.Kh2 Ke8
36.Kg2 { draw }
1/2-1/2

[Event "Tourn. n9590"]
[Site "www.chess-mail.com"]
[Date "2017.11.20"]
[Round "1"]
[White "Luban"]
[Black "Geretree"]
[WhiteElo "2070"]
[BlackElo "1940"]
[Result "1-0"]
[Round "1"]
1.d4 d5
2.Ng1f3 Nb8c6
3.h3 Ng8f6
4.e3 a6
5.c4 e6
6.a3 Bf8e7
7.Bf1d3 Bc8d7
8.Nb1c3 b6
9.O-O O-O
10.cxd5 exd5
11.Rf1e1 b5
12.b4 Bd7e6
13.Bc1b2 Qd8d7
14.Nf3e5 Nc6xe5
15.dxe5  { time }
1-0

[Event "Tourn. n9584"]
[Site "www.chess-mail.com"]
[Date "2017.11.20"]
[Round "1"]
[White "Apdash"]
[Black "Szustan"]
[WhiteElo "2260"]
[BlackElo "2490"]
[Result "0-1"]
[Round "1"]
1.e4 e5
2.Ng1f3 Nb8c6
3.Bf1c4 Ng8f6
4.d4 exd4
5.e5 d5
6.Bc4b5 Nf6e4
7.Nf3xd4 Bc8d7
8.O-O Nc6xd4
9.Bb5xd7 Qd8xd7
10.Qd1xd4 Bf8c5
11.e6 Bc5xd4
12.exd7 Kxd7
13.c3 Bd4b6
14.Nb1d2 Ra8e8
15.Nd2f3 f6
16.Bc1f4 g5
17.Bf4g3 h5
18.Nf3d4 h4
19.f3 Bb6xd4
20.cxd4 hxg3
21.fxe4 Rh8xh2
22.Rf1e1 Re8h8
23.Kf1 dxe4
24.Ra1d1 f5
25.Re1e3 Rh2h1
26.Ke2 Rh1xd1
27.Kxd1 f4
28.Re3xe4 Rh8h2
29.Re4e2 f3
30.gxf3 g2
{ resign }
0-1

[Event "Tourn. n9621"]
[Site "www.chess-mail.com"]
[Date "2017.11.20"]
[Round "1"]
[White "Bojan"]
[Black "Fantomas"]
[WhiteElo "1980"]
[BlackElo "2120"]
[Result "0-1"]
[Round "1"]
1.e4 e5
2.Ng1f3 Ng8f6
3.Bf1c4 Nf6xe4
4.Nf3xe5 d5
5.Bc4b3 Qd8f6
6.Ne5f3 c6
7.Qd1e2 Bc8e6
8.d3 Ne4c5
9.c3 Nc5xb3
10.axb3 Bf8d6
11.Nf3d4 O-O
12.Nd4xe6 fxe6
13.O-O e5
14.Qe2g4 Qf6f7
15.Bc1e3 a6
16.Nb1d2 Nb8d7
17.h4 Ra8e8
18.Nd2f3 Nd7f6
19.Qg4h3 e4
20.dxe4 Nf6xe4
21.Ra1e1 h6
22.Re1e2 Re8e6
23.Nf3d2 Ne4f6
24.Rf1e1 Nf6h5
25.g3 Re6g6
26.Nd2f1 Qf7c7
27.Kg2 Bd6f4
28.Kh2 Bf4d6
29.Be3d2 Kh7
30.Qh3g2 Qc7d8
31.Kg1 Bd6f4
32.Re2e7 Bf4xd2
33.Nf1xd2 Nh5f4
34.Qg2h1 Nf4d3
35.Re1e2 Qd8b6
36.Qh1h2 Rg6f6
37.Qh2h3 Nd3xf2
38.Qh3d7 Nf2e4
39.Kg2 Rf6g6
40.Nd2xe4 dxe4
41.b4 Rf8f3
42.g4 Qb6b5
43.Re7xe4 Rf3f6
44.Kg3 Rf6d6
45.Qd7e7 Qb5f5
46.Re4f4 Rd6d3
47.Re2e3 Rd3xe3
48.Qe7xe3 Qf5d5
49.Rf4d4 Qd5f5
50.c4 Qf5f8
51.h5 Rg6f6
52.Qe3d3 Kg8
53.Rd4d8 Rf6f3
54.Qd3xf3 Qf8xd8
55.Qf3b3 Qd8d6
56.Kh3 Qd6e6
57.Qb3c3 Qe6e4
58.b3 Kf7
59.Kh4 Qe4g2
60.Qc3e3 Qg2h2
61.Qe3h3 Qh2xh3
62.Kxh3 Ke6
63.Kg3 Ke5
64.Kh4 Kd4
65.g5 Kc3
66.Kg4 Kxb3
67.Kf5 Kxb4
{ resign }
0-1

[Event "Tourn. n9595"]
[Site "www.chess-mail.com"]
[Date "2017.11.20"]
[Round "1"]
[White "Cal"]
[Black "Begory"]
[WhiteElo "1680"]
[BlackElo "1630"]
[Result "1-0"]
[Round "1"]
1.c4 d5
2.cxd5 Qd8xd5
3.d4 Bc8f5
4.Nb1c3 Qd5d8
5.e4 Bf5g6
6.Ng1f3 Nb8c6
7.a3 e6
8.Bf1b5 Qd8d7
9.Bc1e3 a6
10.Bb5a4 O-O-O
11.O-O Bg6h5
12.b4 Ng8f6
13.Qd1e2 Bh5xf3
14.Qe2xf3 b5
15.Ba4b3 e5
16.d5 Nc6e7
17.Rf1d1 Ne7g6
18.Be3a7 Qd7g4
19.Qf3e3 Ng6f4
20.g3 Nf4h3
21.Kf1 Nh3g5
22.a4 Kb7
23.axb5 Rd8d6
24.Ba7c5 Qg4h3
25.Kg1 Rd6d8
26.bxa6 Ka8
27.Qe3xg5 Rd8e8
28.Bc5xf8 Re8xf8
29.Rd1d3 Nf6g4
30.Qg5xg4 Qh3xg4
31.Nc3b5 Qg4xe4
32.Rd3e3 Qe4xb4
33.Nb5xc7 Ka7
34.Ra1a4 Qb4c5
35.Ra4c4 Qc5a3
36.Bb3a4 Rf8c8
37.Re3xa3 Rh8d8
38.Ra3b3 Rd8xd5
39.Nc7xd5 { resign }
1-0

[Event "Tourn. n9579"]
[Site "www.chess-mail.com"]
[Date "2017.11.20"]
[Round "1"]
[White "Pachi"]
[Black "Begory"]
[WhiteElo "1650"]
[BlackElo "1610"]
[Result "1-0"]
[Round "1"]
1.e4 e5
2.Ng1f3 Nb8c6
3.Bf1b5 d6
4.Bb5xc6 bxc6
5.O-O Bc8b7
6.d3 c5
7.b3 Ng8f6
8.Bc1g5 h6
9.Bg5xf6 Qd8xf6
10.Nb1c3 O-O-O
11.Nc3b5 a6
12.Nb5c3 d5
13.exd5 Bb7xd5
14.a3 e4
15.Nf3e1 Qf6xc3
16.dxe4 Bd5xe4
17.Qd1g4 Kb8
18.Ne1f3 Be4xf3
19.gxf3 Qc3xc2
20.b4 c4
21.Ra1c1 Qc2g6
22.Rc1xc4 Qg6xg4
23.Rc4xg4 g6
24.a4 h5
25.Rg4e4 Bf8d6
26.b5 axb5
27.axb5 Rd8e8
28.Re4a4 g5
29.Rf1b1 Rh8g8
30.b6 c5
31.b7 Re8e2
32.Ra4a8 Kc7
33.Ra8xg8 Bd6f4
34.b8Q { resign }
1-0

[Event "Tourn. n9446"]
[Site "www.chess-mail.com"]
[Date "2017.11.20"]
[Round "1"]
[White "Gvladutz"]
[Black "Greghghs"]
[WhiteElo "2329"]
[BlackElo "2540"]
[Result "0-1"]
[Round "1"]
1.e4 c6
2.d4 d5
3.Nb1c3 dxe4
4.Nc3xe4 Bc8f5
5.Ne4g3 Bf5g6
6.Ng1e2 e6
7.Ne2f4 Bf8d6
8.c3 Qd8c7
9.Nf4xg6 hxg6
10.Qd1f3 Ng8f6
11.Bf1d3 Nb8d7
12.O-O e5
13.Rf1e1 O-O
14.Bc1e3 Rf8e8
15.Bd3c2 exd4
16.cxd4 Qc7b6
17.Bc2b3 a5
18.Bb3c4 a4
19.Re1e2 Qb6c7
20.Be3g5 Re8xe2
21.Qf3xe2 Nd7b6
22.b3 Nf6d5
23.Bg5d2 a3
24.Ra1d1 Bd6f4
25.Rd1e1 Bf4xd2
26.Qe2xd2 Qc7f4
27.Qd2xf4 Nd5xf4
28.Ng3e4 Nb6xc4
29.bxc4 Ra8d8
30.Ne4g5 Nf4e6
31.Ng5xe6 fxe6
32.Re1d1 c5
33.f4 Rd8xd4
34.Rd1xd4 cxd4
35.Kf2 Kf7
36.Kf3 g5
37.fxg5 Kg6
38.h4 Kh5
39.g3 b6
40.Kf4 e5
41.Ke4 Kg4
42.g6 Kh5
43.Kd3 Kxg6
44.g4 Kf6
45.Ke4 Ke6
46.Kd3 Kd6
47.Kc2 e4
48.h5 Ke5
49.g5 Kf5
50.h6 gxh6
51.gxh6 Kg6
52.h7 Kxh7
53.Kd2 Kg6
54.Ke1 Kf5
55.Kd2 Kf4
56.Ke2 Kg3
57.Ke1 d3
58.c5 bxc5
59.Kd2 Kf2
{ resign }
0-1

[Event "Match"]
[Site "www.echecsemail.com"]
[Date "2017.11.20"]
[Round "1"]
[White "Apdash"]
[Black "Llord"]
[WhiteElo "2310"]
[BlackElo "1950"]
[Result "1/2-1/2"]
[Round "1"]
1.e4 e5
2.Ng1f3 Nb8c6
3.Bf1c4 Bf8e7
4.O-O Ng8f6
5.Nb1c3 O-O
6.Rf1e1 Be7c5
7.d3 d6
8.h3 { draw }
1/2-1/2

[Event "Match"]
[Site "www.echecsemail.com"]
[Date "2017.11.20"]
[Round "1"]
[White "Micheles"]
[Black "Apdash"]
[WhiteElo "2520"]
[BlackElo "2130"]
[Result "1-0"]
[Round "1"]
1.d4 d5
2.Ng1f3 Bc8g4
3.Nf3e5 Bg4f5
4.c4 f6
5.Ne5f3 c6
6.Nb1c3 e6
7.e3 Qd8c7
8.Nf3h4 Bf5g6
9.h3 Bf8b4
10.Qd1b3 Bb4xc3
11.bxc3 Bg6f7
12.cxd5 exd5
13.Nh4f5 Bf7e6
14.Qb3xb7 Qc7xb7
15.Nf5d6 Kd7
16.Nd6xb7 Kc7
17.Nb7c5 Be6f7
18.Ra1b1 Ng8e7
19.Rb1b7 Kd8
20.e4 dxe4
21.Bc1f4 Bf7xa2
22.Bf4xb8 a5
23.Bb8d6 Ne7f5
24.Bd6h2 e3
25.Bf1d3 exf2
26.Kxf2 Nf5e7
27.Rh1e1 Rh8e8
28.Rb7d7 Kc8
29.Rd7c7 { resign }
1-0

[Event "Match"]
[Site "www.echecsemail.com"]
[Date "2017.11.20"]
[Round "1"]
[White "Libiesse"]
[Black "Sahlapalat"]
[WhiteElo "1860"]
[BlackElo "1499"]
[Result "0-1"]
[Round "1"]
1.d4 Ng8f6
2.c4 g6
3.Nb1c3 d5
4.cxd5 Nf6xd5
5.e4 Nd5xc3
6.bxc3 Bf8g7
7.Bf1c4 c5
8.Bc1e3 Qd8a5
9.Qd1c2 cxd4
{ resign }
0-1

[Event "Match"]
[Site "www.echecsemail.com"]
[Date "2017.11.20"]
[Round "1"]
[White "Ericleo1980"]
[Black "Tonino1"]
[WhiteElo "2270"]
[BlackElo "2170"]
[Result "1/2-1/2"]
[Round "1"]
1.e4 d6
2.d4 Ng8f6
3.Nb1c3 g6
4.Bc1e3 Bf8g7
5.f3 O-O
6.Qd1d2 Rf8e8
7.Bf1c4 c6
8.Bc4b3 b5
9.a3 Qd8c7
10.Ng1e2 a6
11.O-O e5
12.Rf1d1 Bc8b7
13.Ra1c1 Nb8d7
14.Be3h6 Bg7h8
15.Kf1 Ra8d8
16.Nc3b1 Nd7b6
17.c3 Qc7b8
18.Ne2g3 Nb6c4
19.Qd2e2 Nc4b6
{ draw }
1/2-1/2